000 00892nam a2200265Ia 4500
001 Para_3410
003 CHAP
008 220125s1916 xx 000 0 und d
010 _a201999
040 _cCHAP
082 _aPA-C 595.752 B33
100 _aBaker, Arthur C
_9166681
245 _aSome intermediates in the aphididae /
_c A. C. Baker and W. F. Turner
260 _a:
_b
500 _aSobretiro de: Proceedings of the entomological Society of Washington 18 (1): 10-14, 1916. Encuadernado con: Classification of the aleyrodidae/ A. L. Quaintance 74-200
650 _aAfididos Hemípteros
_9166971
700 _aTurner, W. F.
_9115672
901 _aPA-C 595.752 B33
902 _aA
905 _a0000001916 0000000000 00
910 _a1916
942 _cPARA
942 _cPARA
_d1
999 _c201999
_d201999